| 000 | 00860pam a2200253 a 4500 | ||
|---|---|---|---|
| 001 | 4296111 | ||
| 003 | OSt | ||
| 005 | 20250922145153.0 | ||
| 008 | 860326s1986 dcua b 001 0 eng c | ||
| 010 | _a 86007933 | ||
| 020 |
_a0915274353 (pbk.) : _c$35.00 |
||
| 040 |
_aDNLM/DLC _cDLC _dDLC |
||
| 060 | _aQY 23 W528c | ||
| 082 | 0 | 0 |
_a362.177 WES 1986 _219 |
| 100 | 1 |
_aWestgard, James O.; Barry, Patricia L.; Royden N. Rand. _918598 |
|
| 245 | 1 | 0 |
_aCost-effective Quality Control : _bmanaging the quality and productivity of analytical processes |
| 260 |
_aWashington, D.C.; _bAACC Press, _cc1986. |
||
| 300 |
_ax, 230 p. : _bill. ; _c23 cm. |
||
| 504 | _aIncludes bibliographies, & index. | ||
| 650 | 0 |
_aPathological laboratories _918599 |
|
| 650 | 0 |
_aQuality control _918600 |
|
| 906 |
_a7 _bcbc _corignew _d1 _eocip _f19 _gy-gencatlg |
||
| 942 |
_2ddc _cO_SHELF |
||
| 999 |
_c9134 _d9134 |
||